Cumulatividade dos adicionais de insalubridade e periculosidade

Detalles Bibliográficos
Autor principal: Cľia Buck, Regina
Formato: Libro
Lenguaje:portugués
Publicado: Sao Paulo LTR Editora 2015
Materias:
Acceso en línea:Acceso restringido

MARC

LEADER 00000nam a22000007a 4500
005 20151203102111.0
007 cr|||| ||u|
008 151203s2015 bl ||||| ||||a00| 0 por d
020 |a 978-85-361-8537-8 
035 |a 12955 
040 |a vLex 
090 |c 5714  |d 5714 
100 1 |a Cľia Buck, Regina  
245 1 0 |a Cumulatividade dos adicionais de insalubridade e periculosidade  |h [Recurso electrn̤ico] /  |c Regina Cľia Buck 
256 |a Servicio en ln̕ea 
260 |a Sao Paulo  |b LTR Editora  |c 2015 
300 |a 1 recurso electrn̤ico 
500 |a A despeito da jurisprudn̊cia dominante, ao tomar contato com os preciosos e fatd̕icos argumentos contidos nesta obra, o leitor estar ̀mais apto a responder s̉ seguintes indagaė̳s: Decorre do ordenamento jurd̕ico, ̉luz dos valores positivados no Direito Internacional do Trabalho e das normas-princp̕io da Constituiȯ̂ da Repb︢lica, o dever de pagar cumulativamente os adicionais de periculosidade e insalubridade? Os artigos 192 e 193, ʹ1ð, da CLT foram recepcionados pelo art. 7ð, XXIII, da Carta Magna? Qual a vontade do legislador constituinte, ao determinar que se proteja efetivamente a sad︢e do trabalhador, quando se constata a presenȧ simultńea de diversos agentes ou situaė̳s de risco a submeter o empregado – ̌possv̕el cumular adicionais da mesma natureza? Por seu pioneirismo e destemida lideranȧ jurd̕ica, REGINA CÉLIA BUCK honra o Direito brasileiro, orgulhando a todos ns̤! Boa leitura! 
506 1 |a Contenido solo disponible en los productos indicados  |d vLex Global  |d vLex Global (Academic Edition, excluding Law Schools)  |d vLex Global (U.S. Academic Edition, Law Schools)  |d vLex Global (U.S. Academic Edition, excluding Law Schools)  |d vLex Global (Academic Edition, Law Schools) 
650 0 4 |a Derecho internacional  |z Brasil 
740 0 |a vLex libros (servicio en ln̕ea) 
856 4 0 |u http://vlex.com/source/cumulatividade-dos-adicionais-de-insalubridade-e-periculosidade-12955  |z Acceso restringido 
942 |c BOOK 
999 0 |a International law